| 000 | 00971 a2200205 4500 | ||
|---|---|---|---|
| 001 | 54288 | ||
| 005 | 20260407155814.0 | ||
| 008 | 260407a1991 arg spa d | ||
| 003 | AR-UNSa-BCEJYS | ||
| 040 |
_aAR-UNSa-BCEJYS _bspa _cAR-UNSa-BCEJYS |
||
| 080 |
_a339.744 _xConvertibilidad |
||
| 245 | 1 | 0 | _aConvertibilidad del austral |
| 020 | _a950-572-215-X | ||
| 264 | 1 |
_aBuenos Aires : _bVíctor P. de Zavalía _c1991 |
|
| 300 |
_a205 p. _c23 cm. |
||
| 505 | _a1. La Ley de convertibilidad. Su estudio en el Congreso de la Nación – 2. Nominalismo y obligaciones de valor en la Ley de convertibilidad – 3. La Ley de convertibilidad y el nominalismo – 4. La Ley monetaria y la doctrina: el precipitado de la interpretación – 5. Efectos de la Ley de convertibilidad en las locaciones urbanas – 6. La convertibilidad desde la angulación jurídico-económica. | ||
| 942 | _cBK | ||
| 590 | _aniveau_biblio:m niveau_hierar:0 | ||
| 100 | 1 | _aMoisset de Espanés, Luis | |
| 999 |
_c5457 _d5457 |
||